| 000 | 00387nam a2200169Ia 4500 | ||
|---|---|---|---|
| 001 | 10423 | ||
| 005 | 20250626030557.0 | ||
| 008 | 211022s9999 xx 000 0 und d | ||
| 082 | _a297.4 AZE | ||
| 100 | _aAzeemi, Khwaja Shamsuddin | ||
| 245 | 0 | _aAhsan -o- Tasaffuf | |
| 260 | _aMultan | ||
| 260 | _bBahauddin Zakariya University | ||
| 260 | _c2012 | ||
| 300 | _a337 | ||
| 942 | _cBK | ||
| 999 |
_c11165 _d11165 |
||